| Tag |
First Indicator |
Second Indicator |
Subfields |
| LEADER |
00000cam a2200000 a 4500 |
| 001 |
in00004508921 |
| 005 |
20191204153312.0 |
| 008 |
080725s2008 miua b s001 0 eng c |
| 020 |
|
|
|a 047211591X
|
| 020 |
|
|
|a 9780472115914
|
| 035 |
|
|
|a (OCoLC)ocn236105725
|
| 035 |
|
|
|a (OCoLC)236105725
|
| 035 |
|
|
|z (UtOrBLW)46846
|
| 035 |
|
|
|a 67116
|
| 040 |
|
|
|a IXA
|c IXA
|d TMV
|d UtOrBLW
|
| 042 |
|
|
|a pcc
|
| 049 |
|
|
|a TMVM
|c 1
|
| 050 |
|
4 |
|a TX359
|b .F75 2008
|
| 060 |
|
4 |
|a QP 143.5.A58
|b F917a 2008
|
| 100 |
1 |
|
|a Frisancho, A. Roberto,
|d 1939-
|
| 245 |
1 |
0 |
|a Anthropometric standards :
|b an interactive nutritional reference of body size and body composition for children and adults /
|c A. Roberto Frisancho.
|
| 264 |
|
1 |
|a Ann Arbor :
|b University of Michigan Press,
|c 2008.
|
| 300 |
|
|
|a viii,189 pages :
|b illustrations ;
|c 29 cm. +
|e 1 CD-ROM (4 3/4 in.)
|
| 336 |
|
|
|a text
|2 rdacontent
|b txt
|
| 337 |
|
|
|a unmediated
|2 rdamedia
|
| 338 |
|
|
|a volume
|2 rdacarrier
|b nc
|
| 504 |
|
|
|a Includes bibliographical references (pages 323-331) and index.
|
| 650 |
|
0 |
|a Nutrition.
|
| 650 |
|
0 |
|a Malnutrition.
|
| 650 |
|
0 |
|a Anthropometry.
|
| 650 |
|
2 |
|a Anthropometry
|x methods.
|
| 650 |
|
2 |
|a Nutrition Assessment.
|
| 999 |
|
|
|a MARS
|
| 999 |
f |
f |
|s 7196838e-430d-3d9d-9646-2e63737a6ac3
|i bb7cc83b-43a4-33bc-97ba-6e287cdba19a
|t 0
|
| 952 |
f |
f |
|p ric
|a Texas A&M University
|b Rellis Campus
|c Joint Library Facility
|d Remote Storage
|t 0
|e QP 143.5.A58 F917a 2008
|h National Library of Medicine classification
|i unmediated -- volume
|m 3238902053967
|
| 998 |
f |
f |
|a QP 143.5.A58 F917a 2008
|t 0
|l Remote Storage
|